00914nam a2200217 a 4500001001000000003000400010005001700014008004100031040002500072082001500097245014500112260004500257300002300302590002700325700004900352910001500401942001400416952011700430952013200547999001700679000030053OSt20240320074002.0110428s1994 dr 000 0 spa d aDO-SdBNPbspacBNPHU axxxbB446h00aHomilía del Cardenal López Rodríguez :bte deum del 16 de agosto de 1994. Catedral de Santo Domingo /cedición Rafael Bello Peguero. aSanto Domingo :bAmigo del Hogar,c1994. a[ 11 p.] ;c21 cm. aInventariado, 2020/ YL1 aBello Peguero, Rafael,d1932-2022eed.92405 aEn proceso 2ddccLBS1 00102ddc718PDaPDbPDcCTd2011-04-28eDonación iLF1l0oxxx B446hp30053-10r2020-06-25w2020-06-25yLFPD 00102ddc51718PDaPDbPDcOId2013-04-28eFlia. Reyes DuluciLF1l0oxxx B446hp30054-20r2020-06-25te. 2w2020-06-25yLFPD c29545d29545